Luyện dịch Việt-Anh Q.2 /

Na minha lista:
Detalhes bibliográficos
Autor principal: Hồ Văn Hòa
Formato: Livro
Idioma:Vietnamese
Publicado em: ĐNA 2001
Tags: Adicionar Tag
Sem tags, seja o primeiro a adicionar uma tag!
Thư viện lưu trữ: Mạng thư viện Đại học Đà Nẵng
LEADER 00602nam a2200265 4500
001 000027493
003 HÔ-H
005 20150403120000.0
008 150403s vm 000 vie
020 |c 0,0000 
040 |a notts 
100 |a Hồ Văn Hòa 
245 |a Luyện dịch Việt-Anh Q.2 /  |c Hồ Văn Hòa. 
260 |b ĐNA  |c 2001 
OWN |a LTT 
999 |a From the UDN01 
TYP |a Monograph 
TYP |a Printed language 
980 |a Mạng thư viện Đại học Đà Nẵng